000 00541nam a2200181Ia 4500
008 220216s9999 xx 000 0 und d
100 _aWenxian Xu
245 0 _aYield potential adn physiological characteristics of clone PR 107
260 _bHevea 88: IRRDB, 2 August to 7 November 1988, Paris. pp.301-314.
650 _aPanel stress
650 _aPhysiological balance
650 _aPhysiological parameter
650 _aYield potential
700 _a6aShiqiao Luo
700 _aXiaodi Wei
700 _aYanqing Pan
942 _cJS
999 _c72564
_d72564